000 00483nam a2200169Ia 4500
008 240729s9999 xx 000 0 und d
022 _a2752-7948
245 0 _aBMJ Oncology
260 _aUnited Kingdom
260 _bBMJ Publishing Group
650 _a Internal medicine
650 _a Neoplasms. Tumors. Oncology. Including cancer and carcinogens
650 _aMedicine
856 _uhttps://doaj.org/toc/34ff2fb7576a4beab40e8dbf0b4a99f9
942 _2ddc
942 _cDOAJEJ
999 _c74708
_d74708
945 _a1
_bMadushi Gamage
_c1
_dMadushi Gamage